Zilla parishad finance in Vidarbha (1963-82) : Structure and trends (Record no. 23101)

MARC details
000 -LEADER
fixed length control field 00569nam a2200181Ia 4500
082 ## - DEWEY DECIMAL CLASSIFICATION NUMBER
Classification number TM.0199
100 ## - MAIN ENTRY--AUTHOR NAME
Personal name Mankar, Sulochana
245 #0 - TITLE STATEMENT
Title Zilla parishad finance in Vidarbha (1963-82) : Structure and trends
260 ## - PUBLICATION, DISTRIBUTION, ETC. (IMPRINT)
Year of publication 1987
Name of publisher Nagpur University
300 ## - PHYSICAL DESCRIPTION
Number of Pages 270p.
650 ## - SUBJECT ADDED ENTRY--TOPICAL TERM
Topical Term FINANCE, PUBLIC///LOCAL FINANCE
650 ## - SUBJECT ADDED ENTRY--TOPICAL TERM
Topical Term LOCAL FINANCE - MAHARASHTRA - VIDARBHA
650 ## - SUBJECT ADDED ENTRY--TOPICAL TERM
Topical Term ZILLA PARISHAD FINANCE//LOCAL FINANCE
650 ## - SUBJECT ADDED ENTRY--TOPICAL TERM
Topical Term FINANCE, LOCAL//LOCAL FINANCE
650 ## - SUBJECT ADDED ENTRY--TOPICAL TERM
Topical Term MUNICIPAL FINANCE///LOCAL FINANCE
710 ## - ADDED ENTRY--CORPORATE NAME
Corporate name or jurisdiction name as entry element Khandewale, S.V.
942 ## - ADDED ENTRY ELEMENTS (KOHA)
Koha item type Thesis
Source of classification or shelving scheme Dewey Decimal Classification
Holdings
Withdrawn status Lost status Damaged status Not for loan Home library Current library Date acquired Bill Date Full call number Accession Number Price effective from Koha item type
        NASSDOC Library NASSDOC Library 08/10/2004 2008-12-30 TM.0199 30491 18/04/2019 Thesis